000 01733cam a2200349 a 4500
005 20191224041616.0
008 010223s1995 us abd fr 00110 eng d
020 _a0893274003
040 _ala
_cla
_dCo-BoIAVH
041 0 _aeng
044 _axxu
082 0 4 _a581.52642
_bN36b
111 2 _aNeotropical Montane Forest Biodiversity and ConservationSymposium
_d(1993 :
_cNew York)
245 1 0 _aBiodiversity and conservation of neotropical montane forests :
_bproceedings of the neotropical montane forest biodiversity and conservation symposium, the New York Botanical Garden, 21-26 june, 1993.
250 _aEdited by Steven P. Churchill ... [Y otros 3].
260 _aNew York :
_bThe New York Botanical Garden,
_c1995.
300 _axiv, 702 páginas :
_bIlustraciones, mapas, gráficas ;
_c26 x 18 cm.
500 _aIncluye índice: páginas 677 - 702.
504 _aIncluye referencias bibliográficas.
650 1 4 _aBosques
_z Andes
_v Congresos, conferencias, etc..
650 2 4 _aBiología
_z Andes
_v Congresos, conferencias, etc..
650 2 4 _aDiversidad biológica
_z Andes
_v Congresos, conferencias, etc..
650 2 6 _aConservación de la diversidad biológica
_z Andes
_v Congresos, conferencias, etc..
650 1 4 _aEconomía ambiental
_v Congresos, conferencias, etc..
650 1 4 _aEcología de montañas
_z Andes
_v Congresos, conferencias, etc..
650 1 4 _aConservación de bosques
_z Andes
_v Congresos, conferencias, etc..
700 1 _aChurchill, Steven P.,
_eEditor
700 1 _aBalslev, Henrik
_eEditor
700 1 _aForero, Enrique
_eEditor
700 1 _aLuteyn, James L.
_eEditor
942 _2ddc
_cLIBRO
999 _c1852
_d1852